Hegel`s Lógic / William Wallace, tr.

Збережено в:
Бібліографічні деталі
Автор: Hegel, G.W.F
Формат: Книга
Мова:Undetermined
Опубліковано: Oxford, Estados Unidos Oxford University Press 1975
Предмети:
Теги: Додати тег
Немає тегів, Будьте першим, хто поставить тег для цього запису!

MARC

LEADER 00000nam a2200000Ia 4500
008 170316s9999 xx 000 0 und d
090 |a 100 H-12Lo 
100 |a Hegel, G.W.F. 
245 |a Hegel`s Lógic / William Wallace, tr. 
260 |a Oxford, Estados Unidos 
260 |b Oxford University Press 
260 |c 1975 
300 |a 342 páginas 
650 |a FILOSOFÍA 
650 |a LÓGICA 
999 |c 16420  |d 16420 
040 |a cru BVZT 
942 |c 15 D  |h 100 H-12Lo  |2 z